000 00675cam a22002293a 4500
001 14227
003 PGUSA
005 20140828083314.0
008 041201s2004||||xxu|||||s|||||000 | eng d
040 _aPGUSA
_beng
042 _adc
050 4 _aPE
100 1 _aBridges, Robert,
_d1844-1930
245 1 0 _aSociety for Pure English, Tract 02 :
_bOn English Homophones
_h[electronic resource] /
_cRobert Bridges
260 _bProject Gutenberg,
_c2004
506 _aPublic domain in the USA.
516 _aElectronic text
653 _aEnglish language -- Homonyms
830 0 _aProject Gutenberg
_v14227
856 4 0 _uhttp://www.gutenberg.org/ebooks/14227
942 _cEB
999 _c243482
_d243482